| 000 | 00577nam a2200181 a 4500 | ||
|---|---|---|---|
| 005 | 20140414132122.0 | ||
| 008 | 121010s19uu xx 00 eng d | ||
| 020 | _a086227995 | ||
| 050 |
_aM 398.2 _bMc479 1992 |
||
| 100 | _aMcKie, Anne | ||
| 245 | _aA Treasury of little tales for little folk. | ||
| 260 |
_aLondon : _bGrandreams Limited, _c1992. |
||
| 300 | _a93 | ||
| 500 | _aThe Little red hen. the Enormous turnip. The Sorcerer's apprentice. The Big fat pancake. | ||
| 650 | _astories-children-fairy tales. | ||
| 700 | _aKen Mckie (illustrator) | ||
| 999 |
_c115091 _d115091 |
||